00333nam a22001097a 4500003000400000020001700004082001900021100004100040245009000081260004400171300000800215SGT a978931118228 a891.4309bS21S aसांकृत, रागनी  aस्वाधीनता आंदोलन और हिंदी कहानी b हंस प्रकाशन c2021 a192